|
|
|
|
| LEADER |
01319cam a2200337 a 4500 |
| 001 |
42013 |
| 003 |
BD-DhAAL |
| 008 |
231228t1995 enk b 001 0 eng d |
| 010 |
|
|
|a 94039949
|
| 020 |
|
|
|a 9780521599733
|
| 020 |
|
|
|a 0521482763
|
| 040 |
|
|
|a DLC
|c DLC
|d DLC
|d BD-DhAAL
|
| 050 |
0 |
0 |
|a HD75
|b .S813 1995
|
| 082 |
0 |
0 |
|a 338.9
|2 23
|
| 100 |
1 |
|
|a Streeten, Paul.
|9 55861
|
| 245 |
1 |
0 |
|a Thinking about development /
|c Paul Patrick Streeten.
|
| 260 |
|
|
|a Cambridge ;
|a New York :
|b Cambridge University Press,
|c 1995.
|
| 300 |
|
|
|a xiii, 409 pages ;
|c 25 cm.
|
| 490 |
|
|
|a Raffaele Mattioli lectures
|
| 500 |
|
|
|a At head of title: Raffaele Mattioli Foundation.
|
| 504 |
|
|
|a Includes bibliographical references (pages 383-395) and index.
|
| 526 |
|
|
|a ESS
|
| 541 |
|
|
|a Complimentary copy from Professor Dr. Nasreen Khundker
|e 42013
|
| 650 |
|
0 |
|a Economic development.
|
| 650 |
|
0 |
|a International economic relations.
|
| 710 |
2 |
|
|a Raffaele Mattioli Foundation.
|9 55862
|
| 830 |
|
|
|a Raffaele Mattioli lectures
|9 55863
|
| 852 |
|
|
|a Ayesha Abed Library
|c General Stacks
|
| 942 |
|
|
|2 ddc
|c BK
|
| 999 |
|
|
|c 46265
|d 46265
|
| 952 |
|
|
|0 0
|1 0
|2 ddc
|4 0
|6 338_900000000000000_STR
|7 0
|9 74888
|a BRACUL
|b BRACUL
|c GEN
|d 2023-12-28
|e Complimentary copy from Professor Dr. Nasreen Khundker
|l 0
|o 338.9 STR
|p 3010042013
|r 2023-12-28
|t 1
|w 2023-12-28
|y BK
|